Campeones de la Copa del Rey ¡Muerte súbita! - Estadísticas

Estadísticas generales
  • Esta prueba ha sido intentada 70 veces
    36 desde el último reinicio
  • La puntuación promedio es 10 de 15
Answers on the Grid
Answers color-coded by a green-red scale on the quiz's grid according to % correct below.
Real Sociedad
Rayo Vallecano
Real Unión
Elche CF
Sevilla FC
Villarreal CF
Cádiz CF
Real Madrid
Real Zaragoza
Girona FC
Real Betis
Deportivo La Coruña
Levante UD
Celta de Vigo
FC Barcelona
Alavés
Getafe CF
Real Valladolid
CA Osasuna
RCD Espanyol
Atlético Madrid
Valencia CF
Málaga CF
Granada CF
UD Las Palmas
Athletic Club
RCD Mallorca
Arenas de Getxo
 
Estadísticas de respuestas
Respuesta % Correcto
Real Sociedad
86%
Athletic Club
82%
Atlético Madrid
82%
FC Barcelona
82%
Valencia CF
82%
Real Betis
77%
Real Madrid
77%
Real Zaragoza
77%
Sevilla FC
77%
Deportivo La Coruña
68%
Arenas de Getxo
50%
RCD Mallorca
50%
RCD Espanyol
45%
Real Unión
45%
Levante UD
23%
No se encontraron pruebas coincidentes
Distribución de puntuación
Porcentaje de gente con cada puntuación
Porcentaje por número respondido
Historial de tus puntuaciones
No has intentado esta prueba desde el último reinicio